00526nam a2200193 a 450000100060000000300090000600800410001502000150005604000280007108200160009910000220011524500680013725000060020526000310021130000090024249000430025150000170029465000210031110895CO-ViMGA141112s2004 ck r 000 u spa d a9500304422 aCO-ViMGAbspacCO-ViMGA04aA861.6 G47v1 aGirondo, Oliverio10aVeinte poemas para ser leídos en el tranvía - Calcomanías a3 aBuenos Aires, cEd. Losada a61 p aBiblioteca Clásica y Contemporánea aFecha : 199614aPOESIA ARGENTINA